000 00788nas a2200265 4500
001 BR7406554
003 BR-BrBNA
005 20231205082747.0
007 ta
008 230509b bl.|||p| |||| 00| 00por d
040 _aBR-BrBNA
_bpor
_cBiblioteca Nacional de Agricultura
041 _a(Pt)
072 _aL10
100 1 _aMies Filho, A.
100 1 _aTelechea, N.L.
100 1 _aBohrer, J.L.
100 1 _aWallawer, W.P.
245 1 _aProducao espermatica de panthera onca
650 _aINSEMINACAO ARTIFICIAL
650 _aESPERMA
650 _aPANTERA
773 0 _tArquivos da Faculdade de Veterinaria da Universidade Federal do Rio Grande do Sul (Brazil)
_x
_g(Dec 1974), v. 2(1) p. 55-65
_wBR7406554
909 _a202311
_bLúcia
_c55
_dLúcia Elande
942 _2AGRIS
_n0
_cANA
999 _c94062
_d94062